000 00962nam a22002415i 4500
001 168829
003 ES-MaACL
005 20250915230736.0
008 080612s1898 fr |||| | fre d
080 _a782.089.6
100 1 _aMassenet, Jules,
_d1842-1912
_9240595
240 1 0 _aSapho.
_hPartitura de coro
245 1 0 _aSapho [
_hmúsica impresa]
_b: pièce lyrique en 5 actes, d'après le roman d'Alphonse Daudet /
_cpoème de Henri Cain et Bernède ; musique de J. Massenet.
260 _aParis :
_bMenestrel,
_c[1898]
300 _a1 partitura de coro (127 p.) ;
_c20 cm.
650 1 4 _aÓperas-
_xPartituras de coro.
_9137579
700 1 _aDaudet, Alphonse,
_d1840-1897
_942799
700 1 _aCain, Henri.
_9137954
700 1 _aBernède, Arthur.
_9137956
852 1 _aBA
_jE-12055
_9R.139976
_zBiblioteca Jacinto Martínez Lacalle
852 4 _aES-MaACL
_jB-6442
_9R.139974
_zBiblioteca Jacinto Martínez Lacalle
999 _c168829
_d168829